Normal view
MARC view
- قانون العقوبات -- الأردن -- القانون الجنائي -- الأردن -- الجريمة والمجرمون -- قوانين وتشريعات -- الأردن
Entry Topical Term
001 - CONTROL NUMBER
- control field: 12677
003 - CONTROL NUMBER IDENTIFIER
- control field: JO-AjAnu
005 - DATE AND TIME OF LATEST TRANSACTION
- control field: 20230606072330.0
008 - FIXED-LENGTH DATA ELEMENTS
- fixed length control field: 230606|| aca||aabn | a|a d
040 ## - CATALOGING SOURCE
- Original cataloging agency: JO-AjAnu
- Transcribing agency: JO-AjAnu
150 ## - HEADING--TOPICAL TERM
- Topical term or geographic name entry element: قانون العقوبات -- الأردن -- القانون الجنائي -- الأردن -- الجريمة والمجرمون -- قوانين وتشريعات -- الأردن
670 ## - SOURCE DATA FOUND
- Source citation: Work cat.: (JO-AjAnu)6523: تأليف، الحلبي ، محمد علي السالم عياد ؛ مراجعة أكرم طراد الفايز, author 12676, شرح قانون العقوبات : القسم العام